000 00382nam a22001697a 4500
003 MPLRDC
005 20220104113827.0
008 210129b ||||| |||| 00| 0 eng d
082 _a857.7 DAM-5
100 _a邓蔼梅
245 _a第五季
_c
250 _a初版
260 _a
_b汉麟出版社
_c1979
300 _b
650 _a长篇小说
942 _cBK
_o857.7 DAM-5
999 _c2671
_d2661